| 000 | 01188nam0a22003011 4500 | ||
|---|---|---|---|
| 001 | RU\INFOCOMM_322\NLR\5000108215 | ||
| 005 | 20250613105028.0 | ||
| 035 | _a(NLR Aleph) 009517444 | ||
| 090 |
_a8805439 _c8805439 |
||
| 100 | _a20121214d1980 |||y0rusy50 ca | ||
| 101 | 0 | _aeng | |
| 102 | _aRU | ||
| 105 | _ay z ||||| | ||
| 200 | 1 |
_aNote on antiferromagnetic Glasser model _fKrzemiński S. |
|
| 210 |
_a[Дубна] _cОбъед. ин-т ядер. исслед. _d1980 |
||
| 215 |
_a3 с. _d21 см |
||
| 225 | 1 |
_aСообщения Объединенного института ядерных исследований, Дубна _vЕ17-80-559 |
|
| 300 | _aНа 2-й с. обл.: Замечание об антиферромагнитной модели Глессера / Кшеминьски С. | ||
| 300 | _aРез. на рус. яз. | ||
| 320 | _aБиблиогр.: с. 3 | ||
| 606 | 0 |
_aАнтиферромагнетики _xМодель Глессера _9985931 _3RU\NLR\AUTH\6653580 |
|
| 686 |
_aВ373.35 _2rubbk |
||
| 700 | 1 |
_aKrzemiński _bS. |
|
| 801 | 1 |
_aRU _bNLR _c20121214 |
|
| 801 | 0 |
_aRU _bINFOCOMM _gPSBO |
|
| 852 |
_aNLR _jФз01 Д-4/1462 |
||
| 942 | _cBOOK | ||
| 980 | _aNB | ||